000 00375nam a2200145Ia 4500
008 151213s9999 xx 000 0 und d
100 _aCharls J. Corrado
245 _aFundamental of Investments
_cCharls J. Corrado
260 _aNew Yeork
_bMc Graw Hill
_c2002
300 _a2042 p.
650 _aFinance
650 _aFinance
700 _aCharls J. Corrado
999 _c1498
_d1498